00782 2200289 4500001002100000005001500021035002000036007000300056008004100059020002200100082001000122084001600132100002000148245007800168250001000246260004700256300003000303700003000333504003100363650002900394990001200423990001200435990001100447990001200458990001100470990001100481INLIS00000000000323420190418110628 a0010-0419000010ta190418 g 0 ind  a978-602-5790-18-8 a746.4 a746.4 LIL r0 aLILIS, Melawaty1 aRagam Kreasi dari Kain Katun :bSimple dan Mudah Dibuat /cLilis Melawaty acet.1 aYogyakarta :bHijaz Pustaka Mandiri,c2018 ahlm.138 :bilus. ;c24 cm0 apenyunting, Tim Hiputindo aBibliografi.: hlm. 137-138 4aSENI TEKSTIL. KAIN KATUN a746.4 a a746.4 b a6573 b a746.4 a a6573 a a6573 b